| 000 | 00838nas a2200277 4500 | ||
|---|---|---|---|
| 001 | BR9803906 | ||
| 003 | BR-BrBNA | ||
| 005 | 20231205100844.0 | ||
| 007 | ta | ||
| 008 | 230509b bl.|||p| |||| 00| 00por d | ||
| 040 |
_aBR-BrBNA _bpor _cBiblioteca Nacional de Agricultura |
||
| 041 | _a(Pt) | ||
| 072 | _aS30 | ||
| 100 | 1 | _aMartins, M.T.S. | |
| 100 | 1 | _aGaleazzi, M.A.M. | |
| 245 | 1 | _aAlergia alimentar: consideracoes sobre o uso de proteinas modificadas enzimaticamente | |
| 650 | _aNutricao Humana | ||
| 650 | _aAlimento | ||
| 650 | _aAlergia | ||
| 650 | _aEnzima | ||
| 650 | _aProteina | ||
| 650 | _aSaude | ||
| 773 | 0 |
_tCadernos de Debate do Nucleo de Estudos e Pesquisas em Alimentacao (Brazil) _xISSN 1413-4136 _g(1996), v. 4 p. 89-110 _wBR9803906 |
|
| 909 |
_a202311 _bLúcia _c55 _dLúcia Elande |
||
| 942 |
_2AGRIS _n0 _cANA |
||
| 999 |
_c158457 _d158457 |
||